000 00400nmm a2200145Ia 4500
008 251105s9999||||xx |||||||||||||||||und||
041 _aspa
100 _aAbella , José
245 0 _aCien pastillas en un día
264 _a[Madrid, España] :
_bNúvol,
_c2019
300 _a264 páginas
650 _aSpanish narrative
856 _uhttps://public.digitaliapublishing.com/a/98745
942 _cCF
999 _c106657
_d106657